| 000 | 00709nam a2200229 a 4500 | ||
|---|---|---|---|
| 001 | 000032844 | ||
| 003 | OSt | ||
| 005 | 20201106105612.0 | ||
| 008 | 100223s1945 cu r 001 0 spa d | ||
| 040 |
_aDO-SdBNP _bspa _cBNPHU |
||
| 082 | 4 |
_a972.93 _bG166a _222 |
|
| 100 | 1 |
_aGallegos, Gerardo _916179 |
|
| 245 | 1 | 4 |
_aLas americas / _cGerardo Gallegos. |
| 260 |
_aHabana, Cuba : _bLa República, _c1945. |
||
| 300 |
_a88 p. ; _c21 cm. |
||
| 590 | _aInventariado, 2019/BT | ||
| 651 |
_aRepública Dominicana _xHistoria _9170 |
||
| 651 | 4 |
_aHaití _xHistoria _98418 |
|
| 651 | 4 |
_aIsla Española (Haití y República Dominicana) _xHistoria _938883 |
|
| 910 | _aValidado. Control de calidad MFF | ||
| 942 |
_2ddc _cLBS1 |
||
| 999 |
_c32335 _d32335 |
||